=LDR 00000nam 2200000 4500 =001 INLIS000000000046497 =005 20150326133217.0 =006 =007 =008 =035 ##$$0010-031500000000269 =040 ##$$a Ind =082 ##$$a 68.314 =090 ##$$a 658.314$bNit m.1 =100 ##$$a Nitisemito =245 ##$$a Menimbulkan semangat dan Kegairahan kerja karyawan =250 ##$$a Cet.1-2 =260 ##$$a Jakarta$bGhalia$c1982 =300 ##$$a 31Hlm$c20cm =850 ##$$a NBPDMAT =990 ##$$a 0001/BPAP-NTB/20142015